| 000 | 00855nac a22002777a 4500 | ||
|---|---|---|---|
| 001 | BR0204422 | ||
| 003 | BR-BrBNA | ||
| 005 | 20240105122712.0 | ||
| 008 | 230509b bl.|||m| |||| 00| 0 por d | ||
| 040 |
_aBR-BrBNA _bpor _cBiblioteca Nacional de Agricultura |
||
| 072 | _aE14 | ||
| 090 | _a0180 BR0204422 | ||
| 100 | 1 | _aCunha, G.R. | |
| 110 | 1 |
_aEMBRAPA Trigo, Passo Fundo, RS (Brasil) _93754 |
|
| 245 | 1 | _aTrigo no Rio Grande do Sul: produzindo com competitividade opiniões | |
| 260 | 3 |
_aPasso Fundo, RS (Brasil): _c1999. |
|
| 300 | _a60 p. | ||
| 490 |
_aDocumentos - EMBRAPA Trigo (Brazil) _vno. 11 _xISSN 1516-5582 |
||
| 650 | _aTRIGO | ||
| 650 | _aDESENVOLVIMENTO AGRÍCOLA | ||
| 650 | _aQUALIDADE | ||
| 650 | _aIMPORTAÇÃO | ||
| 650 | _aRIO GRANDE DO SUL | ||
| 909 |
_a202312 _bLúcia Elande _c55 _dLúcia Elande |
||
| 942 |
_2AGRIS _n0 _cMS |
||
| 999 |
_c292400 _d292400 |
||